• 首页
  • 本馆介绍
  • 公告通知
  • 最新文献
  • 馆藏检索
  • 电子资源
  • 读者导购
  • 参考咨询
  • 我的图书馆
  • 登录
  • 详细信息显示
  • 放入我的书架
  • 预约/预借图书
  • 作者相关作品
  • 分类相关作品
  • 丛书相关作品
  • 出版社相关作品

书目信息

  • 表格格式
  • 工作单格式
  • 卡片格式
题名:
大庆人之歌
    
 
作者: 蒋颂建 编曲 ;张申 配伴奏
分册:  
出版信息: 北京   人民音乐出版社  1978
页数: 13页
开本: 26cm
丛书名:
单 册:
中图分类: J647.21
科图分类:
主题词: 小提琴-独奏曲--中国--现代 , 独奏曲-小提琴--中国--现代
电子资源:
ISBN:
000 00731nam0 2200253 45
001 0178003719
005 20040512163626.6
010    @dCNY0.33
091    @a8026.3490
100    @a19950724d1978 em y0chiy0121 ea
101 0  @achi
102    @aCN@b110000
105    @ay z 000yy
106    @ar
200 10 @a大庆人之歌@Ada qing ren zhi ge@e小提琴独奏曲 钢琴伴奏@f蒋颂建编曲@g张申配伴奏
210    @a北京@c人民音乐出版社@d1978
215    @a13页@d26cm
606    @a小提琴-独奏曲@y中国@z现代
606    @a独奏曲-小提琴@y中国@z现代
690    @aJ647.21@v3
701  0 @a蒋颂建@Ajiang song jian@4编曲
702  0 @a张申@Azhang shen@4配伴奏
801  0 @aCN@bNLC@c20040512
905    @f1@b2104@dJ647.21@e11@b6586@f1@f3@b2094-096
    
    大庆人之歌:小提琴独奏曲 钢琴伴奏/蒋颂建编曲/张申配伴奏.-北京:人民音乐出版社,1978
    13页;26cm
    
    
    ISBN :CNY0.33
    
●
相关链接 在E读中查询图书 在五车中查询图书 在当当中查询图书 在豆瓣中查询图书


正题名:大庆人之歌     索取号:J647.21/11         预约/预借

序号 登录号 条形码 馆藏地/架位号 状态 备注
1 0002094   001229021   第一借阅区/ [索取号:J647.21/11] 在馆    
2 0002095   001222135   密集书库/ [索取号:J647.21/11] 在馆    
3 0002096   001229076   密集书库/ [索取号:J647.21/11] 在馆    
4 0002104   001229012   第一样本阅览室/ [索取号:J647.21/11] 在馆    
5 0006586   001229030   密集书库/ [索取号:J647.21/11] 在馆    
唐山师范学院图书馆 欢迎您!
大连网信软件有限公司© 版权所有